00843nam a2200265 a 4500001000900000005001700009008004100026020001500067041000800082044000800090050002200098100002700120245008400147260003400231300003900265500001100304500002100315504003200336650002200368700003000390902000800420942001100428999001700439952012100456BRL_145720190320211221.0150114s1972----enko######---#001-0#eng-# a023617679X aeng aenk 4aGT1747b.L66 19721 aLommel, Andreas92697910aMasksbtheir meaning and functioncAndreas Lommel ; translated by Nadia Fowler. aLondonbPaul Elek Booksc1972 a227 p.bil., fotografíasc29 cm. aAu1800 aIncluye índice aBibliografía: p. 223-226.14aMáscaras9183351 aFowler, Nadiaetr.926980 aGRL 2lcccB c10267d10267 00104070aBRLbBRLd2014-01-15iAu1800l0oGT1747 .L66 1972 (Au1800)pGRL01617r2019-03-22 00:00:00w2019-03-22yB